[Event "Moscow Open A 2016"]
[Site "Moscow RUS"]
[Date "2016.01.30"]
[Round "1.86"]
[White "Kalashnikov, Konstantin"]
[Black "Lagashin, Pavel"]
[Result "1-0"]
[WhiteTitle "IM"]
[WhiteElo "2381"]
[BlackElo "2139"]
[WhiteFideId "4136004"]
[BlackFideId "24132144"]
[EventDate "2016.01.30"]

1. d4 Nf6 2. Nf3 g6 3. c4 c5 4. Nc3 cxd4 5. Nxd4 Bg7 6. e4 Nc6 7. Be3 Ng4 8.
Qxg4 Nxd4 9. Qd1 Nc6 10. Rc1 d6 11. Be2 Bd7 12. Qd2 Qa5 13. b3 O-O 14. O-O Rfc8
15. Rfd1 Qd8 16. c5 Ne5 17. cxd6 exd6 18. Qxd6 Qh4 19. Qd2 Ng4 20. Bxg4 Bxg4 21.
f3 Be5 22. g3 Qf6 23. Nd5 Qxf3 24. Ne7+ Kh8 25. Nxc8 Bxg3 26. Bd4+ Kg8 27. Rf1
Bxh2+ 28. Qxh2 Qxe4 29. Rf4 1-0

[Event "Moscow Open A 2016"]
[Site "Moscow RUS"]
[Date "2016.01.30"]
[Round "1.87"]
[White "Kharchenko, Alexey"]
[Black "Appolonov, Sergey"]
[Result "1-0"]
[BlackTitle "IM"]
[WhiteElo "2136"]
[BlackElo "2380"]
[WhiteFideId "24183296"]
[BlackFideId "4116291"]
[EventDate "2016.01.30"]

1. d4 d5 2. Nf3 Nf6 3. Bf4 c6 4. e3 Bg4 5. c4 Bxf3 6. gxf3 e6 7. Nc3 Bd6 8. Bg3
O-O 9. Qb3 b6 10. Bd3 Qe7 11. O-O-O Nbd7 12. cxd5 Nxd5 13. Ne4 Bxg3 14. hxg3 g6
15. f4 c5 16. Ng5 h5 17. g4 hxg4 18. Rh6 N7f6 19. Rdh1 cxd4 20. Bxg6 Kg7 21.
Bxf7 Rxf7 22. Qd3 Kf8 23. Qg6 Rc8+ 24. Kb1 Ke8 25. Nxf7 Qb4 26. Rh8+ Kd7 27.
Ne5+ Kc7 28. Qf7+ 1-0

[Event "Moscow Open A 2016"]
[Site "Moscow RUS"]
[Date "2016.01.30"]
[Round "1.88"]
[White "Musaev, Rasul"]
[Black "Lebedev, Mikhail S."]
[Result "1-0"]
[WhiteTitle "FM"]
[WhiteElo "2379"]
[BlackElo "2136"]
[WhiteFideId "24146870"]
[BlackFideId "24130303"]
[EventDate "2016.01.30"]

1. e4 c5 2. Nf3 Nc6 3. d4 cxd4 4. Nxd4 Nf6 5. Nc3 e5 6. Ndb5 d6 7. Nd5 Nxd5 8.
exd5 Nb8 9. a4 Be7 10. Be2 O-O 11. O-O a6 12. Na3 Nd7 13. Kh1 f5 14. f4 Qc7 15.
Be3 Bf6 16. Nc4 b6 17. Ra3 Bb7 18. Rb3 Nc5 19. Rxb6 Ne4 20. c3 exf4 21. Rxf4 Bd8
22. Rxe4 fxe4 23. Nxd6 Rb8 24. Nxb7 Rxb7 25. Rc6 Qe5 26. Re6 Qf5 27. b4 Bg5 28.
g4 Qxe6 29. dxe6 Bxe3 30. Qd5 Re7 31. Qxe4 Bd2 32. Qd4 Be1 33. Bxa6 g6 34. Bc4
Bh4 35. a5 Bf6 36. Qc5 h6 37. b5 Bxc3 1-0

[Event "Moscow Open A 2016"]
[Site "Moscow RUS"]
[Date "2016.01.30"]
[Round "1.89"]
[White "Geivondian, Arman"]
[Black "Terekhov, Konstantin"]
[Result "1-0"]
[WhiteTitle "FM"]
[WhiteElo "2374"]
[BlackElo "2122"]
[WhiteFideId "24102032"]
[BlackFideId "4115856"]
[EventDate "2016.01.30"]

1. d4 Nf6 2. c4 c5 3. e3 cxd4 4. exd4 d5 5. Nc3 Nc6 6. Nf3 Bg4 7. Be2 dxc4 8. d5
Na5 9. Ne5 Bxe2 10. Kxe2 b5 11. Re1 a6 12. Kf1 h6 13. Qf3 Rc8 14. Ne4 e6 15.
dxe6 Be7 16. Nxf7 1-0

[Event "Moscow Open A 2016"]
[Site "Moscow RUS"]
[Date "2016.01.30"]
[Round "1.90"]
[White "Romanov, Stanislav"]
[Black "Sanzhaev, Darsen"]
[Result "1-0"]
[BlackTitle "FM"]
[WhiteElo "2121"]
[BlackElo "2373"]
[WhiteFideId "4116895"]
[BlackFideId "24120030"]
[EventDate "2016.01.30"]

1. e4 c5 2. b3 b6 3. Bb2 Bb7 4. Nc3 a6 5. f4 d6 6. Nf3 e6 7. Qe2 Nf6 8. O-O-O
Nbd7 9. Rg1 b5 10. d3 b4 11. Nb1 Be7 12. g4 Qc7 13. Nbd2 Nb6 14. Qf2 Rg8 15. Be2
d5 16. g5 Nfd7 17. f5 exf5 18. exf5 d4 19. Kb1 Nd5 20. Nc4 O-O-O 21. Rde1 Bd6
22. Bf1 Bf4 23. Bg2 Rge8 24. Qh4 h6 25. Qh5 Rf8 26. f6 g6 27. Qxh6 Rh8 28. Qg7
N7xf6 29. Nfe5 Rh7 30. gxf6 Rxg7 31. fxg7 Rg8 32. Ng4 Ne3 33. Ncxe3 Bxe3 34.
Nxe3 dxe3 35. Rxe3 Bxg2 36. Rxg2 Qf4 37. Rge2 Kd7 38. Re7+ Kc6 39. Re8 Rxg7 40.
Bxg7 1-0

[Event "Moscow Open A 2016"]
[Site "Moscow RUS"]
[Date "2016.01.30"]
[Round "1.91"]
[White "Shevchenko, Kirill"]
[Black "Dobrocmyslov, Artem"]
[Result "1-0"]
[WhiteTitle "FM"]
[WhiteElo "2373"]
[BlackElo "2119"]
[WhiteFideId "14129574"]
[BlackFideId "24139521"]
[EventDate "2016.01.30"]

1. e4 e6 2. d4 d5 3. Nc3 Nf6 4. e5 Nfd7 5. Nce2 c5 6. c3 Nc6 7. Nf3 Qb6 8. a3 f6
9. Nf4 fxe5 10. Nxe6 cxd4 11. cxd4 Nf6 12. Nxf8 Rxf8 13. dxe5 Ne4 14. Be3 Qxb2
15. Qc1 Qxc1+ 16. Rxc1 Bd7 17. Bb5 Nxe5 18. Nxe5 Bxb5 19. Rc7 Rf5 20. Rxg7 O-O-O
21. Nf3 Rf6 22. Nd4 Bc4 23. f3 Rb6 24. fxe4 Rb1+ 25. Kd2 Rxh1 26. Ne6 dxe4+ 27.
Nxd8 Kxd8 28. Rxh7 Ra1 29. Bxa7 Rxa3 30. Bb6+ Ke8 31. Rxb7 Ra2+ 32. Kc3 Bf1 33.
h4 Rxg2 34. h5 Rh2 35. Rh7 Kf8 36. h6 Kg8 37. Rg7+ Kh8 38. Bd4 Rxh6 39. Rf7+ Kg8
40. Rxf1 Rh3+ 41. Kc4 Rf3 42. Rg1+ Kf7 43. Kd5 Ke7 44. Kxe4 Rf7 45. Ra1 Ke6 46.
Ra6+ Kd7 47. Kd5 Rf5+ 48. Be5 Rf7 49. Bf6 Ke8 50. Ke6 Re7+ 51. Kd6 Rd7+ 52. Kc6
Rh7 53. Be5 Kf7 54. Kd7 Rh5 55. Rf6+ Kg7 56. Bd4 Rh6 57. Rf1+ Kg6 58. Ke6 Kg5+
59. Ke5 Rh4 60. Be3+ Kg6 61. Rf6+ Kg7 62. Kf5 Rb4 63. Bh6+ Kh7 64. Bf4 Rb7 65.
Be5 Rg7 66. Ra6 Rb7 67. Ra8 Kh6 68. Rh8+ Rh7 69. Rg8 Rd7 70. Rh8+ Rh7 71. Rd8
Rf7+ 72. Bf6 Rb7 73. Rd1 Rb5+ 74. Be5 Kh7 75. Rd8 Rxe5+ 76. Kxe5 1-0

[Event "Moscow Open A 2016"]
[Site "Moscow RUS"]
[Date "2016.01.30"]
[Round "1.92"]
[White "Martynyuk, Elizaveta"]
[Black "Yeletsky, Ivan"]
[Result "0-1"]
[WhiteTitle "WFM"]
[BlackTitle "FM"]
[WhiteElo "2115"]
[BlackElo "2373"]
[WhiteFideId "24128511"]
[BlackFideId "24180327"]
[EventDate "2016.01.30"]

1. e4 c6 2. d4 d5 3. e5 c5 4. c4 cxd4 5. Qxd4 Nc6 6. Qxd5 Bf5 7. Nf3 e6 8. Qxd8+
Rxd8 9. a3 Bc5 10. Be3 Bxe3 11. fxe3 Nge7 12. Nc3 Ng6 13. Be2 Ngxe5 14. Nxe5
Nxe5 15. e4 Bg6 16. Kf2 Rd2 17. Ke3 Rxb2 18. Rab1 Rc2 19. Rxb7 O-O 20. Rb3 f6
21. Rhb1 Rc8 22. R1b2 Rxb2 23. Rxb2 Bh5 24. Rb7 Bxe2 25. Nxe2 Nxc4+ 26. Kf2 a5
27. Nf4 Nd6 28. Ra7 Nxe4+ 29. Ke3 Nd6 30. g4 Rc3+ 31. Kf2 e5 32. Ne6 Ne8 33.
Rxa5 Kf7 34. Nc5 Kg6 35. h4 h5 36. g5 Kf5 37. Nd7 Nd6 38. gxf6 gxf6 39. Ra6 Ne4+
40. Ke2 Rc7 41. Nb6 Rc6 42. a4 Nc3+ 43. Kf3 e4+ 44. Kg3 e3 45. a5 Re6 0-1

[Event "Moscow Open A 2016"]
[Site "Moscow RUS"]
[Date "2016.01.30"]
[Round "1.93"]
[White "Derbenev, Andrey"]
[Black "Hakobyan, Hovhannes H."]
[Result "1-0"]
[WhiteTitle "IM"]
[WhiteElo "2367"]
[BlackElo "2112"]
[WhiteFideId "4154169"]
[BlackFideId "13306308"]
[EventDate "2016.01.30"]

1. e4 c5 2. Nf3 Nc6 3. Bb5 g6 4. Bxc6 dxc6 5. h3 Bg7 6. d3 c4 7. dxc4 Qxd1+ 8.
Kxd1 Nf6 9. Nbd2 Be6 10. Rb1 O-O 11. b3 b5 12. Ba3 bxc4 13. bxc4 Rfb8 14. Rb3 a5
15. Bxe7 a4 16. Rxb8+ Rxb8 17. Ba3 Bf8 18. Bxf8 Nxe4 19. Kc1 Nxd2 20. Kxd2 Kxf8
21. Kc3 a3 22. Nd4 Rb2 23. Ra1 c5 24. Nb5 Rb4 25. Nxa3 Ra4 26. Kb2 Rb4+ 27. Kc1
Ra4 28. Nb5 Bd7 29. Kd2 Rxc4 30. a4 Ke7 31. Ra3 Bc6 32. f3 Kd7 33. Nc3 Kc7 34.
a5 Kb7 35. Rb3+ Kc7 36. a6 Rd4+ 37. Ke3 Rc4 38. a7 f5 39. Nb5+ Kd7 40. Rd3+ Ke7
41. Ra3 Rxc2 42. a8=Q Bxa8 43. Rxa8 Rxg2 44. Nc3 g5 45. Ra6 Rg3 46. Nd5+ Kd8 47.
h4 g4 48. Kf4 Rxf3+ 49. Ke5 Rf1 50. Kd6 Ke8 51. Ke6 Re1+ 52. Kxf5 g3 53. Ra2 c4
54. Rg2 Rf1+ 55. Kg4 Rd1 56. Nf6+ Kf7 57. Nxh7 Kg6 58. Nf8+ Kf7 59. Nh7 Kg6 60.
Ng5 Rd4+ 61. Kh3 c3 62. Nf3 Rd1 63. Kxg3 Kf5 64. Re2 Rd3 65. Re5+ Kf6 66. Rc5 1-0

[Event "Moscow Open A 2016"]
[Site "Moscow RUS"]
[Date "2016.01.30"]
[Round "1.94"]
[White "Yandarbiev, Ruslan"]
[Black "Mustaps, Matiss"]
[Result "1-0"]
[WhiteTitle "IM"]
[BlackTitle "FM"]
[WhiteElo "2368"]
[BlackElo "2308"]
[WhiteFideId "4115023"]
[BlackFideId "11602295"]
[EventDate "2016.01.30"]

1. e4 c5 2. Nf3 d6 3. d4 cxd4 4. Nxd4 Nf6 5. Nc3 g6 6. Bg5 Bg7 7. Be2 Qa5 8. Bd2
Qb6 9. Nb3 O-O 10. O-O Nc6 11. Bg5 Be6 12. Kh1 Rac8 13. f4 Na5 14. f5 Bc4 15.
Bd3 Bxd3 16. cxd3 Nxb3 17. axb3 a6 18. d4 Qd8 19. e5 Ne8 20. f6 exf6 21. exf6 1-0

[Event "Moscow Open A 2016"]
[Site "Moscow RUS"]
[Date "2016.01.30"]
[Round "1.95"]
[White "Merkushev, Dmitry"]
[Black "Alikulov, Elbek"]
[Result "0-1"]
[BlackTitle "IM"]
[WhiteElo "2107"]
[BlackElo "2365"]
[WhiteFideId "34123676"]
[BlackFideId "14203308"]
[EventDate "2016.01.30"]

1. Nf3 g6 2. g3 Bg7 3. Bg2 c5 4. c4 Nc6 5. O-O d6 6. Nc3 e5 7. d3 Nge7 8. Re1 h6
9. Nd2 Be6 10. Nf1 Qd7 11. Ne3 f5 12. Ned5 g5 13. Qa4 Rc8 14. Nxe7 Qxe7 15. Nd5
Qd7 16. Rb1 b6 17. a3 O-O 18. b4 f4 19. Nc3 g4 20. Bd5 Rf7 21. Bxc6 Rxc6 22. Bd2
Bf8 23. Nd5 f3 24. e4 Bg7 25. Qd1 Rc8 26. a4 Qd8 27. Qc1 Kh7 28. a5 b5 29. bxc5
bxc4 30. dxc4 Rxc5 31. Rb5 Qc8 32. Rxc5 Qxc5 33. Bb4 Qc6 34. Qc3 Rb7 35. Rc1 Bf8
36. Qa3 Rb8 37. Qe3 Rb7 38. Bd2 Kg6 39. Qd3 Qa4 40. Ne3 Rb3 41. Qc2 Ra3 42. Qxa4
Rxa4 43. Nd5 Bxd5 44. exd5 h5 45. h3 a6 46. hxg4 hxg4 47. Rb1 Rxc4 48. Rb6 Rd4
49. Be3 Rxd5 50. Rxa6 Bh6 51. Bb6 e4 52. Ra8 Rd1+ 53. Kh2 e3 0-1

[Event "Moscow Open A 2016"]
[Site "Moscow RUS"]
[Date "2016.01.30"]
[Round "1.96"]
[White "Golubev, Roman"]
[Black "Anchutin, Nikita"]
[Result "1/2-1/2"]
[WhiteTitle "FM"]
[WhiteElo "2365"]
[BlackElo "2098"]
[WhiteFideId "14202344"]
[BlackFideId "34129895"]
[EventDate "2016.01.30"]

1. e4 c5 2. Nf3 d6 3. d4 cxd4 4. Nxd4 Nf6 5. Nc3 a6 6. h3 e5 7. Nde2 h5 8. Bg5
Be6 9. g3 Nc6 10. Bg2 Be7 11. a4 Rc8 12. O-O O-O 13. Qd2 Nh7 14. Be3 Nf6 15.
Rfd1 Qc7 16. Bg5 Rfd8 17. Nd5 Bxd5 18. exd5 Na5 19. b3 b6 20. Rac1 Nb7 21. f4
Nc5 22. fxe5 Nfe4 23. Qb4 Nxg5 24. h4 Nh7 25. Bh3 dxe5 26. Bxc8 Rxc8 27. Qc4 Bd6
28. b4 Nxa4 29. Qxa6 Nb2 30. Rf1 Nc4 31. c3 Ne3 32. Rf3 Nxd5 33. Rd3 Nhf6 34.
Rcd1 Bxb4 35. cxb4 Nxb4 36. Qxc8+ Qxc8 37. Rd8+ Qxd8 38. Rxd8+ Kh7 39. Nc3 Kg6
40. Rd6 Kf5 41. Rxb6 Nbd5 42. Nxd5 Nxd5 43. Rb7 Kg6 44. Kf2 Nf6 45. Rb6 Kf5 46.
Rb7 Ng4+ 47. Kg2 Kf6 48. Rb5 Kf5 49. Rb7 Ke6 50. Rb6+ 1/2-1/2

[Event "Moscow Open A 2016"]
[Site "Moscow RUS"]
[Date "2016.01.30"]
[Round "1.97"]
[White "Aslanov, Farid"]
[Black "Samusenko, Maksim"]
[Result "1-0"]
[WhiteTitle "CM"]
[BlackTitle "FM"]
[WhiteElo "2089"]
[BlackElo "2362"]
[WhiteFideId "13408925"]
[BlackFideId "4112253"]
[EventDate "2016.01.30"]

1. d4 Nf6 2. Nf3 d6 3. g3 g6 4. Bg2 Bg7 5. O-O O-O 6. c4 c6 7. Nc3 Nbd7 8. h3 e5
9. dxe5 dxe5 10. Be3 Qe7 11. Qb3 b6 12. Nd2 Bb7 13. Nde4 Ne8 14. c5 Rb8 15. Rfd1
Kh8 16. Qa3 Ra8 17. cxb6 Qxa3 18. bxa3 Nxb6 19. Bc5 f5 20. Bxf8 Bxf8 21. Ng5 Kg8
22. Rab1 Be7 23. h4 h6 24. Nf3 e4 25. Nd4 Bf6 26. a4 Ba6 27. a5 Nc4 28. Na4 Nxa5
29. Nc5 Bc4 30. Ncb3 Nxb3 31. axb3 Bd5 32. h5 Bxd4 33. Rxd4 gxh5 34. e3 Nc7 35.
Bf1 Kf7 36. Bc4 Rb8 37. Rc1 Rb7 38. Bxd5+ cxd5 39. Rc6 Ke7 40. Rxh6 Rxb3 41. Ra4
a6 42. Rxh5 Ke6 43. Rh6+ Ke5 44. Rh7 Rc3 45. Kg2 Rc2 46. Rh5 Kf6 47. Rh6+ Ke5
48. Rb4 Rc5 49. Rh5 Nb5 50. Ra4 Rc6 51. g4 Nd6 52. Kg3 Kf6 53. Kf4 Rc2 54. g5+
Ke7 55. Rh2 Rc1 56. Rxa6 Rg1 57. Rh7+ Nf7 58. g6 1-0

[Event "Moscow Open A 2016"]
[Site "Moscow RUS"]
[Date "2016.01.30"]
[Round "1.98"]
[White "Vdovin, Vadim"]
[Black "Soldatov, Arnold"]
[Result "1-0"]
[WhiteTitle "FM"]
[WhiteElo "2361"]
[BlackElo "2075"]
[WhiteFideId "24107158"]
[BlackFideId "24135623"]
[EventDate "2016.01.30"]

1. e4 e6 2. d4 d5 3. Nd2 Nf6 4. e5 Nfd7 5. Bd3 c5 6. c3 Nc6 7. Ne2 cxd4 8. cxd4
f6 9. exf6 Nxf6 10. O-O Bd6 11. Nf3 O-O 12. Bf4 Bxf4 13. Nxf4 Qd6 14. g3 e5 15.
dxe5 Nxe5 16. Nxe5 Qxe5 17. Qb3 Kh8 18. Rfe1 Qd6 19. Rad1 Qc5 20. Rc1 Qd6 21.
Bf1 b6 22. Bg2 Bb7 23. Rcd1 Rfd8 24. Re6 Qd7 25. Qa3 Qc7 26. Rde1 Ne4 27. Qe7
Rac8 28. h4 Nf6 29. Rxf6 Qxe7 30. Rxe7 gxf6 31. Rxb7 d4 32. Be4 Rc1+ 33. Kg2 Rd1
34. Bxh7 1-0

[Event "Moscow Open A 2016"]
[Site "Moscow RUS"]
[Date "2016.01.30"]
[Round "1.99"]
[White "Shoshin, Boris"]
[Black "Palachev, Petr"]
[Result "0-1"]
[BlackTitle "FM"]
[WhiteElo "2068"]
[BlackElo "2358"]
[WhiteFideId "34196568"]
[BlackFideId "24129003"]
[EventDate "2016.01.30"]

1. d4 Nf6 2. c4 e6 3. Nc3 Bb4 4. f3 c5 5. d5 O-O 6. e4 d6 7. Bd3 b5 8. Bd2 exd5
9. Nxd5 Nxd5 10. cxd5 Bxd2+ 11. Qxd2 Qb6 12. b3 Nd7 13. Ne2 Ne5 14. f4 Nxd3+ 15.
Qxd3 Re8 16. f5 c4 17. Qf3 Qa5+ 18. Kf2 Qb6+ 19. Kg3 Re5 20. Kh4 Bxf5 21. exf5
Re3 22. Qg4 Qd8+ 23. Kh5 g6+ 24. Kh6 Qf8+ 25. Kg5 f6+ 26. Kh4 Qh6+ 0-1

[Event "Moscow Open A 2016"]
[Site "Moscow RUS"]
[Date "2016.01.30"]
[Round "1.100"]
[White "Asadli, Vugar"]
[Black "Skatchkov, Valery"]
[Result "0-1"]
[WhiteTitle "FM"]
[WhiteElo "2357"]
[BlackElo "2068"]
[WhiteFideId "13405764"]
[BlackFideId "24195812"]
[EventDate "2016.01.30"]

1. e4 e5 2. Nf3 Nf6 3. Nxe5 d6 4. Nf3 Nxe4 5. d3 Nf6 6. d4 Be7 7. c4 O-O 8. Bd3
Bg4 9. O-O Nc6 10. Be3 d5 11. Nc3 Qd7 12. h3 Bh5 13. a3 Rad8 14. Rc1 h6 15. Re1
Rfe8 16. b4 a6 17. c5 Bf8 18. Qc2 Bxf3 19. Bf5 Qe7 20. gxf3 Nh5 21. Qd2 Qh4 22.
Kh2 g6 23. Bg4 Bg7 24. Rg1 Ne5 25. Rg2 Nc4 26. Qd3 Nf6 27. Bf4 h5 28. Bg3 Qg5
29. f4 Qh6 30. Bf3 h4 31. Bxh4 Qxh4 32. f5 Qf4+ 33. Rg3 Qxc1 34. fxg6 Qh6 35.
Qf5 c6 36. gxf7+ Kxf7 37. Bh5+ 0-1

[Event "Moscow Open A 2016"]
[Site "Moscow RUS"]
[Date "2016.01.30"]
[Round "1.101"]
[White "Daurbekov, Murad"]
[Black "Gevorgyan, David Sh."]
[Result "0-1"]
[BlackTitle "IM"]
[WhiteElo "2061"]
[BlackElo "2356"]
[WhiteFideId "4192982"]
[BlackFideId "13303244"]
[EventDate "2016.01.30"]

1. e4 g6 2. d4 Bg7 3. c4 d6 4. Nc3 Nf6 5. Be2 Nbd7 6. Nf3 O-O 7. O-O e5 8. Re1
c6 9. d5 c5 10. a3 Ne8 11. b4 h6 12. Nd2 f5 13. Nb3 b6 14. Bd2 Ndf6 15. f3 Rf7
16. b5 h5 17. Bg5 f4 18. a4 Rb8 19. a5 Kh7 20. axb6 axb6 21. Bf1 Qc7 22. Re2 Nd7
23. Qe1 Bf6 24. Qh4 Qd8 25. Bxf6 Nexf6 26. Qg5 Qc7 27. Nd2 Kg7 28. g3 Nh7 29.
Qh4 Ndf8 30. Bh3 Bb7 31. gxf4 Rxf4 32. Qg3 h4 33. Qe1 Ng5 34. Bg4 Bc8 35. Rg2
Bxg4 36. Rxg4 Nxf3+ 37. Nxf3 Rxg4+ 38. Kh1 Qf7 0-1

[Event "Moscow Open A 2016"]
[Site "Moscow RUS"]
[Date "2016.01.30"]
[Round "1.102"]
[White "Drygalov, Sergey"]
[Black "Manafov, Vugar"]
[Result "1-0"]
[WhiteElo "2356"]
[BlackElo "2052"]
[WhiteFideId "24171743"]
[BlackFideId "13410814"]
[EventDate "2016.01.30"]

1. d4 d5 2. c4 e6 3. Nf3 Be7 4. g3 Nf6 5. Bg2 O-O 6. O-O Nbd7 7. Qc2 c6 8. Nbd2
b6 9. e4 dxe4 10. Nxe4 Nxe4 11. Qxe4 Bb7 12. Rd1 Nf6 13. Qc2 Qc8 14. c5 Nd5 15.
Bd2 bxc5 16. dxc5 Bf6 17. Bg5 Qd8 18. Bxf6 Qxf6 19. Nd2 Rab8 20. Ne4 Qe5 21. a3
a5 22. Rab1 Ba6 23. Nd6 Bb5 24. Qd2 Qe2 25. Qxa5 Qc2 26. Rdc1 Qb3 27. Nxb5 Rxb5
28. Qd2 Rd8 29. Bf1 Rbb8 30. Qc2 Qb7 31. b4 h5 32. a4 Nxb4 33. Qe4 Nd5 34. Rxb7
Rxb7 35. a5 Ra8 36. a6 Rb4 37. Qe5 Ra7 38. Qd6 Ne7 39. Qd8+ Kh7 40. Qb6 Rxb6 41.
cxb6 1-0

[Event "Moscow Open A 2016"]
[Site "Moscow RUS"]
[Date "2016.01.30"]
[Round "1.103"]
[White "Nesterov, Arseniy"]
[Black "Kozlitin, Roman"]
[Result "1/2-1/2"]
[BlackTitle "FM"]
[WhiteElo "2049"]
[BlackElo "2355"]
[WhiteFideId "24198455"]
[BlackFideId "4142845"]
[EventDate "2016.01.30"]

1. e4 d5 2. exd5 Qxd5 3. Nc3 Qd6 4. d4 Nf6 5. Nf3 a6 6. Be2 Nc6 7. Be3 Bf5 8.
Qd2 e6 9. O-O Be7 10. Rfd1 Rd8 11. h3 O-O 12. a3 Nd5 13. Nxd5 exd5 14. Bd3 Be4
15. Bf4 Qd7 16. Ne5 Nxe5 17. Bxe5 f6 18. Bg3 Bxd3 19. Qxd3 Rfe8 20. Re1 Bf8 21.
Rad1 c6 22. c3 g6 23. Kf1 Bh6 24. Qf3 Bg7 25. Rxe8+ Rxe8 26. Re1 Rxe1+ 27. Kxe1
Qe6+ 28. Kf1 Qe4 29. Qxe4 dxe4 30. Bf4 Kf7 31. b3 Ke6 32. Be3 f5 33. c4 h6 34.
h4 Bf6 35. g3 g5 36. hxg5 hxg5 37. Ke2 b5 38. f3 bxc4 39. bxc4 exf3+ 40. Kxf3
Be7 41. a4 Bf6 42. Ke2 1/2-1/2

[Event "Moscow Open A 2016"]
[Site "Moscow RUS"]
[Date "2016.01.30"]
[Round "1.104"]
[White "Vokhidov, Shamsiddin"]
[Black "Proleiko, Julian"]
[Result "1-0"]
[WhiteTitle "FM"]
[WhiteElo "2352"]
[BlackElo "2047"]
[WhiteFideId "14204223"]
[BlackFideId "30900255"]
[EventDate "2016.01.30"]

1. e4 e5 2. Nf3 Nc6 3. Nc3 Nf6 4. Be2 Be7 5. d4 exd4 6. Nxd4 O-O 7. O-O Nxd4 8.
Qxd4 d6 9. Be3 Ng4 10. Bf4 Bf6 11. Qd2 Be5 12. Bxe5 Nxe5 13. f4 Nd7 14. Rad1 b6
15. e5 Bb7 16. exd6 c5 17. Bf3 Bxf3 18. Rxf3 a6 19. Nd5 Nf6 20. Re3 Kh8 21. Nc7
Ra7 22. Re7 Qb8 23. Qd3 b5 24. Qe3 Qb6 25. b4 h6 26. Qxc5 Qb8 27. Ne6 Nd7 28.
Qd4 Rg8 29. Rxf7 Qe8 30. Rxg7 Qxe6 31. Rxd7+ Qe5 32. Qxe5+ Rg7 1-0

[Event "Moscow Open A 2016"]
[Site "Moscow RUS"]
[Date "2016.01.30"]
[Round "1.105"]
[White "Golikov, Daniil"]
[Black "Drygalov, Andrey"]
[Result "1/2-1/2"]
[WhiteElo "2043"]
[BlackElo "2352"]
[WhiteFideId "24170623"]
[BlackFideId "24171735"]
[EventDate "2016.01.30"]

1. d4 Nf6 2. c4 g6 3. Nc3 d5 4. cxd5 Nxd5 5. e4 Nxc3 6. bxc3 Bg7 7. Nf3 c5 8.
Be3 O-O 9. Be2 Nc6 10. O-O cxd4 11. cxd4 Bg4 12. d5 Na5 13. Bd4 Bxd4 14. Qxd4 e6
15. e5 Bxf3 16. Bxf3 Nc6 17. Qb2 exd5 18. Qxb7 Nxe5 19. Qxd5 Nxf3+ 20. Qxf3 Qa5
21. g3 Rac8 22. Rfd1 Rc5 23. Rd7 Rf5 24. Qe3 a6 25. Qd2 Qb6 26. Rd1 Re5 27. Rd6
Qb7 28. Rd8 Rfe8 29. Rxe8+ Rxe8 30. Qd5 Qb6 31. Qd7 Qb8 32. Kg2 Kg7 33. Rd3 Re6
34. Qd4+ Qe5 35. Qxe5+ Rxe5 36. Ra3 a5 37. Rb3 h5 38. h4 Kf6 39. Rb6+ Kf5 40.
Kf3 Rc5 41. Rb3 f6 42. Rd3 g5 43. hxg5 fxg5 44. a4 Ke5 45. Rd8 Rc4 46. Rh8 Rxa4
47. Rxh5 Kf5 48. Rh8 Ra3+ 49. Kg2 Ra2 50. Rf8+ Kg6 51. Kh3 Kg7 52. Ra8 Rxf2 1/2-1/2

[Event "Moscow Open A 2016"]
[Site "Moscow RUS"]
[Date "2016.01.30"]
[Round "1.106"]
[White "Chos, Alexey"]
[Black "Tsvetkov, Andrey"]
[Result "1-0"]
[WhiteTitle "IM"]
[BlackTitle "CM"]
[WhiteElo "2348"]
[BlackElo "2028"]
[WhiteFideId "14117762"]
[BlackFideId "34139360"]
[EventDate "2016.01.30"]

1. e4 c5 2. Nf3 d6 3. Bb5+ Nd7 4. O-O a6 5. Bxd7+ Bxd7 6. d4 cxd4 7. Qxd4 Nf6 8.
Bg5 Rc8 9. Nc3 h6 10. Bxf6 gxf6 11. Nd5 Bg7 12. Qb4 b5 13. Ne3 O-O 14. Nh4 Kh8
15. Nhf5 Rg8 16. Rad1 a5 17. Qd2 Rc5 18. Rfe1 Kh7 19. a3 Be6 20. b4 axb4 21.
axb4 Rc7 22. Nd5 Bxd5 23. exd5 Bf8 24. Qd3 Kh8 25. Nd4 Rc4 26. c3 Qd7 27. g3 Rg5
28. Nf3 Rgg4 29. Nd2 Rc8 30. Re3 h5 31. h3 Rg6 32. Kh2 Bh6 33. Re4 Qf5 34. Nf3
Rxc3 35. Qxc3 Qxe4 36. Re1 Qxd5 37. Rxe7 Bg7 38. Nh4 Rg5 39. Re8+ Kh7 40. Qc2+
f5 41. f4 Rg6 42. Nxg6 fxg6 43. Re7 Qd4 44. Qe2 Qxb4 45. Rb7 h4 46. Rxb5 hxg3+
47. Kxg3 Qc3+ 48. Kg2 Bf6 49. Rd5 Bh4 50. Rd3 Qc4 51. Qf3 Qc2+ 52. Kh1 Qb1+ 53.
Rd1 Qb4 54. Rg1 Kh6 55. Qg2 Qe4 56. Qxe4 fxe4 57. Kg2 g5 58. fxg5+ Kxg5 59. Rd1
Kf4 60. Rxd6 Bg5 61. Rg6 e3 62. Rg8 Be7 63. Rg4+ Kf5 64. Kf3 Bc5 65. Rc4 Bb6 66.
h4 Ba7 67. Ra4 Bb6 68. Ke2 Bc7 69. Kxe3 Kg6 70. Kf3 Kh5 71. Ke3 Kg6 72. Kf3 Kh5
73. Kg2 Bb6 74. Kh3 Be3 75. Ra5+ Kh6 76. Rd5 Kg6 77. Kg4 Kh6 78. Rd6+ Kh7 79.
Re6 Bd2 80. Kh5 Bb4 81. Rb6 Bf8 82. Rb7+ 1-0

[Event "Moscow Open A 2016"]
[Site "Moscow RUS"]
[Date "2016.01.30"]
[Round "1.107"]
[White "Lutsenko, Alexander"]
[Black "Lomasov, Semen"]
[Result "0-1"]
[BlackTitle "FM"]
[WhiteElo "2026"]
[BlackElo "2344"]
[WhiteFideId "54159806"]
[BlackFideId "24164879"]
[EventDate "2016.01.30"]

1. e4 e6 2. d4 d5 3. Bd3 dxe4 4. Bxe4 Nf6 5. Bd3 c5 6. Ne2 Nc6 7. Be3 cxd4 8.
Nxd4 Ne5 9. O-O Be7 10. Nc3 O-O 11. Be2 Qc7 12. Qc1 Neg4 13. Bf4 e5 14. Bg3 Nh5
15. Nd5 Qd8 16. Nxe7+ Qxe7 17. Nb3 Nxg3 18. hxg3 Bf5 19. Re1 Rac8 20. c3 b6 21.
Bxg4 Bxg4 22. Qe3 f6 23. f3 Bd7 24. Rad1 Qf7 25. Nc1 Be6 26. b3 Qg6 27. Ne2 Rce8
28. Rd2 Bc8 29. Red1 h5 30. Rd6 Kh7 31. Qd3 Bf5 32. Qa6 e4 33. Kf2 Qg5 34. f4
e3+ 35. Kg1 Qg6 36. Qxa7 Bg4 37. Re1 Qc2 38. Qa6 Rd8 39. Qxb6 Rxd6 40. Qxd6 Re8
41. Qd1 Qxd1 42. Rxd1 Bxe2 43. Re1 Bg4 44. c4 e2 45. Kf2 Ra8 46. Rxe2 Bxe2 47.
Kxe2 Rxa2+ 48. Kd3 Rxg2 49. c5 Rxg3+ 50. Kc4 Rg1 51. b4 Rc1+ 52. Kd4 Rb1 53. Kc4
h4 54. c6 Rc1+ 0-1